| 000 | nam a22 7a 4500 | ||
|---|---|---|---|
| 999 |
_c329417 _d329417 |
||
| 003 | Nust | ||
| 005 | 20170505120410.0 | ||
| 008 | 170505b xxu||||| |||| 00| 0 eng d | ||
| 020 | _a9788131102046 | ||
| 040 | _c0 | ||
| 082 | _a515.5 MEH | ||
| 100 |
_aMehtani,Dr.Subhah _954 |
||
| 245 |
_aClimatology _cDr.Subhah Mehtani |
||
| 260 |
_aNew Delhi _bCommonwealth pub _c2010 |
||
| 300 | _a300p. | ||
| 500 | _aH.B | ||
| 942 |
_2ddc _cBK _k515.5 MEH |
||